The white company / (Record no. 174631)

000 -LEADER
fixed length control field 01173cam a2200289 a 4500
001 - CONTROL NUMBER
control field 13631408
003 - CONTROL NUMBER IDENTIFIER
control field Nust
005 - DATE AND TIME OF LATEST TRANSACTION
control field 20170203183556.0
008 - FIXED-LENGTH DATA ELEMENTS--GENERAL INFORMATION
fixed length control field 040621r20041891nyu 000 1 eng
010 ## - LIBRARY OF CONGRESS CONTROL NUMBER
LC control number 2004055139
020 ## - INTERNATIONAL STANDARD BOOK NUMBER
International Standard Book Number 978-1517789794 (pbk.)
020 ## - INTERNATIONAL STANDARD BOOK NUMBER
International Standard Book Number 1517789796
040 ## - CATALOGING SOURCE
Original cataloging agency DLC
Transcribing agency DLC
Modifying agency DLC
043 ## - GEOGRAPHIC AREA CODE
Geographic area code e-uk---
-- e-fr---
-- e-sp---
050 00 - LIBRARY OF CONGRESS CALL NUMBER
Classification number PR4622
Item number .W5 2003
082 00 - DEWEY DECIMAL CLASSIFICATION NUMBER
Classification number 823.8
Author Mark DOY
100 1# - MAIN ENTRY--PERSONAL NAME
Personal name Doyle, Arthur Conan,
Dates associated with a name 1859-1930.
245 14 - TITLE STATEMENT
Title The white company /
Statement of responsibility, etc. Sir Arthur Conan Doyle.
260 ## - PUBLICATION, DISTRIBUTION, ETC.
Place of publication, distribution, etc. Mineola, N.Y. :
Name of publisher, distributor, etc. Dover Publications,
Date of publication, distribution, etc. 2003.
300 ## - PHYSICAL DESCRIPTION
Extent 360 p. ;
Dimensions 21 cm.
650 #0 - SUBJECT ADDED ENTRY--TOPICAL TERM
Topical term or geographic name entry element Hundred Years' War, 1339-1453
Form subdivision Fiction.
650 #0 - SUBJECT ADDED ENTRY--TOPICAL TERM
Topical term or geographic name entry element British
Geographic subdivision France
Form subdivision Fiction.
650 #0 - SUBJECT ADDED ENTRY--TOPICAL TERM
Topical term or geographic name entry element Archers
Form subdivision Fiction.
655 #7 - INDEX TERM--GENRE/FORM
Genre/form data or focus term Historical fiction.
Source of term gsafd
655 #7 - INDEX TERM--GENRE/FORM
Genre/form data or focus term War stories.
Source of term gsafd
856 42 - ELECTRONIC LOCATION AND ACCESS
Materials specified Publisher description
Uniform Resource Identifier <a href="http://www.loc.gov/catdir/enhancements/fy0618/2004055139-d.html">http://www.loc.gov/catdir/enhancements/fy0618/2004055139-d.html</a>
906 ## - LOCAL DATA ELEMENT F, LDF (RLIN)
a 7
b cbc
c orignew
d 1
e ocip
f 20
g y-gencatlg
942 ## - ADDED ENTRY ELEMENTS (KOHA)
Source of classification or shelving scheme
Koha item type Book
Holdings
Withdrawn status Lost status Source of classification or shelving scheme Damaged status Not for loan Permanent Location Current Location Shelving location Date acquired Total Checkouts Total Renewals Full call number Barcode Date last seen Date last checked out Copy number Price effective from Koha item type
          Central Library (CL) Central Library (CL) Fiction 02/03/2017 1 2 823.8 DOY CL1411 12/23/2021 11/19/2018 1 02/03/2017 Book
© 2023 Central Library, National University of Sciences and Technology. All Rights Reserved.